01631nam a2200313 a 450000100100000000500170001000800410002704000250006808200200009310000380011324501570015126000670030830000360037550000640041150400560047550400320053165000330056365000500059665000330064665000390067965000280071891000370074604900090078395201330079295201180092595201240104395201330116799900170130000001631920240229073943.0100303s1988 dr ac 001 p spa d aDO-SdBNPbspacBNPHU aRD868.02bC531e1 aChez Checo, José,d1949-91014510aEpigramas sobre el Ron Brugal (1906-1911) :bpara la historia de la publicidad y de la vida cotidiana en la República Dominicana /cJosé Chez Checo. aSanto Domingo :bCentenario de Brugal,c1988.fAmigo del Hogar a670 p. :bil., retrs. ;c24 cm. aIncluye datos biográficos del autor en la contracubierta. aIncluye bibliografía y notas al pie de páginas. aBibliografía: p. 645-647. 4aEpigramas dominicanos936418 4aPublicidad sobre bebidas alcohólicas936419 4aBebidas alcohólicas922080 4aRonzRepública Dominicana936420 0aPoesía dominicana966 aValidado. Control de calidad EMS aBNPD 001054708DSaGRbGRcHDd2011-03-01iLF1l0oRD868.02 C531ep16319-30r2020-06-25te. 3w2020-06-25yLFDSZPréstamo en sala 0010718PDaPDbPDcHDd2010-03-03iLF1l0oRD868.02 C531ep16319-10r2020-06-25w2020-06-25yLFPDZNo se presta 0010718PDaPDbPDcHDd2011-02-24iLF1l0oRD868.02 C531ep16319-20r2020-06-25te. 2w2020-06-25yLFPDZNo se presta 001052708DSaPDbPDcHDd2013-09-05iLF1l0oRD868.02 C531ep16319-50r2020-06-25te. 4w2020-06-25yLFDSZPréstamo interno c15854d15854